| 000 | 00585nam a2200229Ia 4500 | ||
|---|---|---|---|
| 003 | OSt | ||
| 005 | 20220918192956.0 | ||
| 006 | a|||||r|||| 00| 0 | ||
| 007 | ta | ||
| 008 | 220917b |||||||| |||| 00| 0 eng d | ||
| 024 | _a71,358 | ||
| 037 | _cTextual | ||
| 040 |
_aARTS _cARTS _beng |
||
| 041 |
_2eng _aeng |
||
| 082 | _aR3xM87:g, J91 | ||
| 100 |
_aSchilpp P A _980779 |
||
| 245 | 0 | _aPhilosophy of C D Broad | |
| 260 |
_aN York _bTudor _c1959 |
||
| 300 |
_axii, 866p. _ccm. |
||
| 942 |
_hR3xM87:g, J91 _cTEXL _2CC |
||
| 999 |
_c197431 _d197431 |
||